| 000 | 00448 a2200157 4500 | ||
|---|---|---|---|
| 003 | OSt | ||
| 005 | 20240112122542.0 | ||
| 008 | 240112b |||||||| |||| 00| 0 eng d | ||
| 040 | _coclc | ||
| 082 |
_a297 _bUSM/P |
||
| 100 |
_aUsman, M _910253 |
||
| 245 |
_aPouranika charithrathilekku Qur'an nalkunna velicham / _cDr. M Usman |
||
| 260 |
_aKerala: _bKNM, _c1997 |
||
| 300 | _a48p | ||
| 942 |
_2ddc _cBK _h297 _iUSM/P _k297 _mUSM/P |
||
| 999 |
_c43183 _d43183 |
||